Mikroštruktúrna analýza bodových zvarových spojov z ocele CP - W - 1000 : Diplomová práca

Guardado en:
Detalles Bibliográficos
Autor principal: Podivínska, Lucia (Autor)
Otros Autores: Hudáková, Mária, 1962- (xxx)
Formato: Manuscrito Libro
Lenguaje:eslovaco
Publicado: Trnava : STU v Bratislave MtF KMI, 2004
Materias:
Etiquetas: Agregar Etiqueta
Sin Etiquetas, Sea el primero en etiquetar este registro!

MARC

LEADER 00000ntm a22000003a 4500
001 stu88904
005 20160719154711.2
008 040715s2004----xo------------------slo-d
040 |a STU  |b slo 
041 0 |a slo 
044 |a xo 
100 1 |a Podivínska, Lucia  |4 aut 
245 1 |a Mikroštruktúrna analýza bodových zvarových spojov z ocele CP - W - 1000 :  |b Diplomová práca 
260 |a Trnava :  |b STU v Bratislave MtF KMI,  |c 2004 
300 |a 74 s  |c CD 
650 7 |a materiálové inžinierstvo  |2 stusub 
650 7 |a kovové a nekovové materiály  |2 stusub 
700 1 |a Hudáková, Mária,  |d 1962-  |4 xxx  |u M1000  |U MTF Materiálovotechnologická fakulta  |T MTF Ústav materiálov  |X 2754  |U M1000  |Y 81  |7 A000002754 
996 |b 284M059779  |c M*DP-5041  |l MMSKP  |s P  |a 0  |w stu88904_0001